000
00315nam a22001457a 4500
003
SGT
020
_a
9789387286061
082
_a
340
_b
JAI
100
_a
JAIN ASHOK
245
_a
JURISPRUDENCE -II
_b
LEADING CASES AND MATERIALS
250
_a
3
260
_a
DELHI
_b
ASCENT
_c
2024
300
_a
147
942
_2
ddc
_c
BK
999
_c
25747
_d
25747